000
00320nam a2200133 4500
999
_c
529176
_d
529176
040
_c
DLC
082
_a
910.285
_b
CHA
100
_a
Chang, Kang Tsung
_9
6630
245
_a
Introduction to Geographic Information System /
250
_a
4th
260
_a
Boston
_b
McGraw Hill
_c
2008
300
_a
450p. :
942
_2
ddc
_c
BK